Arturo y el tesoro escondido / (Registro nro. 10413)

Detalles MARC
000 -LIDER
fixed length control field 00700nam a22002417a 4500
001 - NÚMERO DE CONTROL
Identificador de número de control 00552
003 - IDENTIFICACDOR DE NÚMERO DE CONTROL
control field DO-SdBNP
005 - DATE AND TIME OF LATEST TRANSACTION
control field 20180223132849.0
007 - CAMPOS FIJOS DE DESCRIPCIÓN FÍSICA
fixed length control field 00552
008 - ELEMENTOS DE LONGITUD FIJA
fixed length control field 160616b pr 2014|||| |||| 00| 0 spa d
020 ## - ISBN
International Standard Book Number 9780989014809
040 ## - FUENTE DE CATALOGACIÓN
Agencia que crea de manera original el registro BPMSU
Idioma de catalogación spa
Agencia que realiza la transcripción BPMSU
100 1# - ASIENTO PRINCIPAL -- NOMBRE PERSONAL
Nombre personal Felicié Soto, Ada Myriam
245 10 - MENCIÓN DE TITULO
Título Arturo y el tesoro escondido /
Subtítulo Ada Miriam Felicié Soto ; ilustración Abimael Ortíz Álvarez
260 ## - PUBLICACIÓN, DISTRIBUCIÓN, ETC. (PIE DE IMPRENTA)
Lugar de publicación, distribución, etc Puerto Rico :
Nombre del editor, distribuidor, etc. Hostos,
Fecha de publicación, distribución, etc 2014
300 ## - DESCRIPCIÓN FÍSICA
Extensión 32 p. :
Otros detalles físicos il.,
Dimensiones 26 cm.
490 1# - MENCIÓN DE SERIES
Mención de serie Infantil
700 1# - ASIENTO SECUNDARIO -- NOMBRE PERSONAL
Nombre personal Ortíz Álvarez, Abimael,
Mención de responsabilidad il.
830 #0 - ASIENTO SECUNDARIO DE SERIE--TÍTULO UNIFORME
Título uniforme Infantil
942 ## - ADDED ENTRY ELEMENTS (KOHA)
Source of classification or shelving scheme Dewey Decimal Classification
Koha item type Libros
945 ## - INFORMACIÓN DE PROCESAMIENTO LOCAL
Información de procesamiento local Inventariado, 2018/MFF
956 ## - LOCAL ELECTRONIC LOCATION AND ACCESS (OCLC)
Nombre de host BTAVÁREZ
Número de acceso 10
Información de compresión 16062016
Trayectoria 00552
Existencias
Withdrawn status Lost status Source of classification or shelving scheme Damaged status Not for loan Collection code Home library Current library Date acquired Source of acquisition Total Checkouts Barcode Date last seen Price effective from Koha item type
    Dewey Decimal Classification     Colección Infantil General Biblioteca Pública Metropolitana Salomé Ureña Biblioteca Pública Metropolitana Salomé Ureña 06/16/2016 Donación   BPMSU16060219 06/16/2016 06/16/2016 Libros